000 01808nam0a2200337 4500
001 RU\NLR\bibl\801717
005 20250121092043.0
010 _a5-8356-0359-2
_9112
021 _aRU
_b2005-7319
_9376
035 _a(NLR Aleph) 000790885
090 _a1120957
_c1120957
100 _a20050519d2004 k y0rusy50 ca
101 0 _arus
102 _aRU
105 _aa |||||||||
200 1 _aТрадиционное, современное и переходное в российском обществе
_eВсероссийская научно-практическая конференции, декабрь 2004 г.
_eсборник статей
_f[под ред. д.филос.н. Р.Г. Яновского, д.социол. наук, проф. Г.Б. Кошарной]
210 _aПенза
_cПриволжский Дом знаний
_d2004
215 _a213 с.
_cил.
_d21
300 _aВ надзаг.: Рос. социол. ассоц., Ин-т социал.-полит. исслед. РАН, Пенз. гос. ун-т, О-во "Знание" России, Приволж. Дом знаний
320 _aБиблиогр. в конце докл.
606 1 _aОбщественное развитие
_jСъезды, совещания и т.п.
_yРоссийская Федерация
_91580408
_3RU\NLR\auth\66992719
686 _aС508.0я431
702 1 _4340
_7ca
_8rus
_aЯновский
_bР. Г.
_f1929-2010
_gРудольф Григорьевич
_910761
_3RU\NLR\AUTH\7727730
712 0 2 _4570
_aРоссийская социологическая ассоциация
_9608465
_3RU\NLR\AUTH\8810054017
801 0 _aRU
_bNLR
_c20050519
_gPSBO
801 1 _aRU
_bNLR
_c20050519
830 _aред. по ЭК
942 _cBOOK
980 _aNB